000 00275nam a2200121Ia 4500
008 190216s9999||||xx |||||||||||||| ||und||
100 _aMathew &joseph
245 0 _aIntroduction To Zoology
260 _bS Chand & Co
300 _axxp
650 _aZoology
942 _cBK
999 _c37327
_d37327